| 000 | 01512nam a22002657a 4500 | ||
|---|---|---|---|
| 005 | 20230718143840.0 | ||
| 008 | 230718b ||||| |||| 00| 0 eng d | ||
| 020 | _a8124201358 | ||
| 040 | _cAL | ||
| 041 | _aEnglish | ||
| 082 |
_223 _a954.030 _bCHAF |
||
| 100 |
_aA Chakravarty _9127633 |
||
| 245 | _aFreedom Fighters of India | ||
| 260 |
_aNew Delhi _bCrest Publishing House _c1999 |
||
| 300 |
_a88 p. _bPB _c21.5x14 cm. |
||
| 520 | _aIn 1997, India celebrates the fiftienth years of her independence from colonial rule. In the hustle bustle of our daily lives, we often forget the magnificent role of hundreds and thousands of people who gave their lives, the best years of their lives, their wealth, position and fame to make this day possible for us. It is impossible to chronicle the sacrifices of these unsung heroes. This books is a humble effort to trace the lives of some of leaders of that revolutionary era; Gandhi, Patel, Nehru, Azad and Ambedkar. Each of them played a role in shaping the form and direction of the freedom movement. They had a vision...of a free and prosperous nation lived in by healthy, happy people, Rereading their lives may help us in reaffirming our faith in that vision | ||
| 650 |
_aIndia _9127487 |
||
| 650 |
_aMohandas Karamchand Gandhi _9127488 |
||
| 650 |
_aJawahar Lal Nehru _9127489 |
||
| 650 |
_aVallabh Bhai Patel _9127490 |
||
| 650 |
_aAbul Kalam Azad _9127491 |
||
| 650 |
_aB R Ambedkar _9127492 |
||
| 700 |
_aChakravarty (A) _9127493 |
||
| 942 |
_2ddc _cDB |
||
| 999 |
_c227940 _d227940 |
||